| 000 | 01417nam a22002177a 4500 | ||
|---|---|---|---|
| 999 |
_c59993 _d59993 |
||
| 003 | Ge_BSU | ||
| 005 | 20230529145126.0 | ||
| 008 | 230529s2005 ge ||||| |||| 00| 0 geo d | ||
| 020 | _a9994011936 | ||
| 041 | _ageo | ||
| 080 | _a336.74(479.22)(09) ლ-82 | ||
| 100 |
_aლომოური, თამარ _918267 |
||
| 245 |
_aფულის მიმოქცევის ისტორიისათვის შუა საუკუნეების საქართველოში = On the history of monetary circulation in medieval Georgia : _b[სტატიები] / _cთამარ ლომოური ; რედ.: თინათინ ქუთელია ; საქ. ეროვნ. მუზეუმი, ს. ჯანაშიას სახ. საქ. მუზეუმი. |
||
| 264 |
_aთბილისი : _b არტანუჯი, _c2005. |
||
| 300 |
_a151 გვ. : _bცხრ. ; _c29 სმ. |
||
| 504 | _aბიბლიოგრ. ტექსტ. შენიშვნ. | ||
| 653 | _aფულის მიმოქცევის ისტორია საქართველოში | ||
| 700 |
_aქუთელია, თინათინ _eრედაქტორი _918162 |
||
| 710 |
_aსაქ. ეროვნ. მუზეუმი _bს. ჯანაშიას სახ. საქ. მუზეუმი. _918268 |
||
| 942 |
_2udc _cBK |
||